000 00691nam a2200289Ia 4500
005 20260324131255.0
008 008 260324s9999 xx 000 0 eng d
020 _a9780203799284
037 _aEBOOK
040 _aCRL
040 _beng
040 _cCRL
041 _2eng
041 _aeng
084 _qCRL
100 _aMatias Vernengo; Per Gunnar Berglund
_91184889
245 4 _aThe Means to Prosperity
245 0 _bFiscal Policy Reconsidered
260 _bTaylor and Francis
260 _c2006
365 _a
365 _b145
856 _uhttp://www.taylorfrancis.com/books/9780203799284
942 _cEBOOK
999 _c1781894
_d1781894